000 00298nam a22001337a 4500
008 170215b xxu||||| |||| 00| 0 eng d
020 _a9780323000406
041 _aeng
080 _24TH
_a61
100 _a4
101 _aSHM
245 _aEXPLORING MEDICAL LANGUAGE
_cBROOKS, M.L
942 _2udc
_cBK
999 _c5567
_d5567